000 00510nam a22001937a 4500
003 MPLRDC
005 20220104143924.0
008 210129b ||||| |||| 00| 0 eng d
020 _a957-643-307-X
082 _a861.57 RBDS v.22
100 _a游川和彦
245 _a人生多美好
_c吴美玲 译
250 _a一版二刷
260 _a
_b台湾东贩股份有限公司
_c1997
300 _b
490 _a日本电视小说. 22
650 _a日本现代小说
942 _cBK
_o861.57 RBDS v.22
999 _c44660
_d44650